Bourvil - Statistiques

Statistiques générales
  • Ce quiz a été pris 152 fois
    146 depuis la dernière actualisation
  • Le résultat moyen est 6 sur 15
Statistiques - réponses
Hint Réponse % Correct
1966 la grande vadrouille
95%
1964 le corniaud
93%
1970 le cercle rouge
68%
1963 la cuisine au beurre
59%
1956 la traversee de paris
59%
1970 le mur de l'atlantique
55%
1968 le cerveau
49%
1952 le trou normand
33%
1965 les grandes gueules
21%
1962 le jour le plus long
19%
1950 le passe muraille
19%
1957 les miserables
19%
1968 les cracks
18%
1963 un drole de paroissien
18%
1958 le miroir à deux faces
11%
Aucun quiz correspondant
Distribution des résultats
% des personnes avec chaque résultat
Percentile par nombre de réponses
Votre historique - résultats
Vous n’avez pas pris ce quiz depuis la dernière actualisation